Federal Educational Assistance Programs Available to Service Members (Record no. 352080)
[ view plain ]
| 000 -LEADER | |
|---|---|
| fixed length control field | 00611nam a2200121Ia 4500 |
| 008 - FIXED-LENGTH DATA ELEMENTS--GENERAL INFORMATION | |
| fixed length control field | 171212s9999 xx 000 0 und d |
| 020 ## - INTERNATIONAL STANDARD BOOK NUMBER | |
| International Standard Book Number | 9780833088192 |
| 100 ## - MAIN ENTRY--PERSONAL NAME | |
| Personal name | Buryk, Peter;Trail, Thomas E.;Gonzalez, Gabriella C.;Miller, Laura L.;Friedman, Esther M. |
| 245 ## - TITLE STATEMENT | |
| Statement of responsibility, etc | Buryk, Peter;Trail, Thomas E.;Gonzalez, Gabriella C.;Miller, Laura L.;Friedman, Esther M. |
| Title | Federal Educational Assistance Programs Available to Service Members |
| Remainder of title | Program Features and Recommendations for Improved Delivery |
| 260 ## - PUBLICATION, DISTRIBUTION, ETC. (IMPRINT) | |
| Name of publisher, distributor, etc | RAND Corporation |
| Date of publication, distribution, etc | 2015 |
| 650 ## - SUBJECT ADDED ENTRY--TOPICAL TERM | |
| Topical term or geographic name as entry element | Business |
| 856 ## - ELECTRONIC LOCATION AND ACCESS | |
| Uniform Resource Identifier | <a href="http://www.jstor.org/stable/10.7249/j.ctt13x1fs6">http://www.jstor.org/stable/10.7249/j.ctt13x1fs6</a> |
| Withdrawn status | Lost status | Damaged status | Home library | Current library | Date acquired | Total Checkouts | Date last seen | Price effective from | Koha item type |
|---|---|---|---|---|---|---|---|---|---|
| College Library | College Library | 12/12/2017 | 12/12/2017 | 12/12/2017 | Curriculum - Based eBooks |